Fundamentaks of microbiology (Record no. 396761)
[ view plain ]
| 000 -LEADER | |
|---|---|
| fixed length control field | 00537nam a2200217 4500 |
| 005 - DATE & TIME | |
| control field | 20260121100006.0 |
| 008 - FIXED-LENGTH DATA ELEMENTS--GENERAL INFORMATION | |
| fixed length control field | 260121b |||||||| |||| 00| 0 eng d |
| 020 ## - ISBN | |
| International Standard Book Number | 9789392193354 |
| Price | Rs. 2195.00 |
| 040 ## - CATALOGING SOURCE | |
| Original cataloging agency | VIVEKANANDA LIBRARY |
| 082 ## - DDC NUMBER | |
| Classification number | 576 |
| Book Number | K119F |
| 100 ## - MAIN ENTRY--PERSONAL NAME | |
| Personal name | Kagne, Suresh |
| 245 ## - TITLE STATEMENT | |
| Title | Fundamentaks of microbiology |
| 260 ## - PUBLICATION, DISTRIBUTION, ETC. (IMPRINT) | |
| Place of publication, distribution, etc | Jaipur |
| Name of publisher, distributor, etc | Apex Publication |
| Date of publication, distribution, etc | 2023 |
| 300 ## - PHYSICAL DESCRIPTION | |
| Pages | viii, 349 |
| 650 ## - Subject | |
| Subject | Microbiology |
| 650 ## - Subject | |
| Subject | Microscopy |
| 650 ## - Subject | |
| Subject | Microorganisms |
| 700 ## - Added Entry Personal Name | |
| Added Entry Personal Name | Puri, Swati Suresh |
| 942 ## - ADDED ENTRY ELEMENTS (KOHA) | |
| Koha item type | Books |
No items available.
